000 00698nam a2200229Ia 4500
003 OSt
005 20220918105427.0
006 a|||||r|||| 00| 0
007 ta
008 220915b |||||||| |||| 00| 0 hin d
024 _a93,285
037 _cReference Collections
040 _aARTS
_cARTS
_bhin
041 _2hin
_ahin
082 _aQ2:22k, 152M1(RR)
100 _aगौड़, रामशरण, ले.
_91346
245 0 _aपौराणिक आख्यान कोश
246 _aPaurāṇik ākhyān kosha
260 _c1981
942 _hQ2:22k, 152M1(RR)
_cREF
999 _c107081
_d107081